[Event "World Rapid 2025"]
[Site "Doha QAT"]
[Date "2025.12.26"]
[Round "2.111"]
[White "Salinas Herrera, Pablo"]
[Black "Alrehaili, Ahmed Abdullah S"]
[Result "1-0"]
[WhiteTitle "GM"]
[BlackTitle "FM"]
[WhiteElo "2473"]
[BlackElo "2106"]
[WhiteFideId "3407128"]
[BlackFideId "21518840"]
[EventDate "2025.12.26"]
[EventType "rapid"]

1. e4 e5 2. Nf3 Nc6 3. Bb5 a6 4. Ba4 d6 5. Nc3 Nf6 6. Bxc6+ bxc6 7. d4 exd4 8.
Nxd4 c5 9. Nc6 Qd7 10. Na5 Be7 11. O-O O-O 12. Re1 Re8 13. h3 h6 14. Bf4 Bf8 15.
Qf3 Rb8 16. b3 g6 17. Rad1 Qe6 18. Re3 Bd7 19. e5 dxe5 20. Bxe5 1-0

[Event "World Rapid 2025"]
[Site "Doha QAT"]
[Date "2025.12.26"]
[Round "2.112"]
[White "Bodemar, Jonathan"]
[Black "Aditya, Mittal"]
[Result "0-1"]
[WhiteTitle "CM"]
[BlackTitle "GM"]
[WhiteElo "2154"]
[BlackElo "2624"]
[WhiteFideId "6205488"]
[BlackFideId "35042025"]
[EventDate "2025.12.26"]
[EventType "rapid"]

1. e4 c5 2. Nf3 d6 3. d4 cxd4 4. Nxd4 Nf6 5. Nc3 a6 6. a3 e5 7. Nf5 d5 8. Bg5 d4
9. Bxf6 gxf6 10. Nb1 Be6 11. Nd2 Nd7 12. Bc4 Qb6 13. O-O h5 14. Rb1 Qc6 15. Be2
Nc5 16. Bf3 O-O-O 17. Re1 h4 18. h3 Kb8 19. Qe2 d3 20. cxd3 Nxd3 21. Red1 Bc5
22. Ne3 Nf4 23. Qe1 Rd3 24. Ndf1 Rb3 25. Nd2 Rd3 26. Ndf1 Rhd8 27. b4 Bb6 28.
Ra1 Qa4 29. Nd5 Bxd5 30. exd5 Rxf3 31. gxf3 Rg8+ 32. Kh1 Qd7 33. Nh2 Qxh3 0-1

[Event "World Rapid 2025"]
[Site "Doha QAT"]
[Date "2025.12.26"]
[Round "2.113"]
[White "Agmanov, Zhandos"]
[Black "Dinham, James"]
[Result "1-0"]
[WhiteTitle "IM"]
[WhiteElo "2471"]
[BlackElo "2091"]
[WhiteFideId "13708309"]
[BlackFideId "14327023"]
[EventDate "2025.12.26"]
[EventType "rapid"]

1. e4 c5 2. c3 d5 3. exd5 Qxd5 4. d4 Nc6 5. Nf3 cxd4 6. cxd4 e5 7. Nc3 Bb4 8.
Bd2 Bxc3 9. Bxc3 e4 10. Ne5 Nxe5 11. dxe5 Qxd1+ 12. Rxd1 a6 13. Bc4 Ne7 14. O-O
b5 15. Bb3 a5 16. a4 b4 17. Bd4 Ba6 18. Rfe1 Bd3 19. f3 Nc6 20. Bf2 O-O 21. Bd5
Rac8 22. e6 Ne7 23. exf7+ Kh8 24. Bxe4 Bxe4 25. Rxe4 Nf5 26. Re5 Rxf7 27. Rxa5
h6 28. g4 Ne7 29. Ra7 Kg8 30. Rdd7 1-0

[Event "World Rapid 2025"]
[Site "Doha QAT"]
[Date "2025.12.26"]
[Round "2.114"]
[White "Damaj, Mohammed"]
[Black "Begmuratov, Khumoyun"]
[Result "0-1"]
[WhiteTitle "CM"]
[BlackTitle "IM"]
[WhiteElo "2119"]
[BlackElo "2451"]
[WhiteFideId "11501731"]
[BlackFideId "14210207"]
[EventDate "2025.12.26"]
[EventType "rapid"]

1. d4 Nf6 2. c4 g6 3. g3 Bg7 4. Bg2 d6 5. Nc3 O-O 6. Nf3 c6 7. O-O Bf5 8. b3 Re8
9. Bb2 Qc8 10. Re1 e5 11. dxe5 dxe5 12. e4 Bg4 13. Qd2 Na6 14. Ba3 Bxf3 15. Bxf3
Bf8 16. Bxf8 Kxf8 17. Qh6+ Kg8 18. Rad1 Qc7 19. Rd2 Qa5 20. Qe3 Nc5 21. Red1 Ne6
22. Ne2 a6 23. Kg2 Rad8 24. Rxd8 Rxd8 25. Rxd8+ Qxd8 26. Qa7 Qc7 27. h4 h5 28.
b4 Kg7 29. a4 Qc8 30. Qe3 Qd7 31. c5 a5 32. bxa5 Qe7 33. Qb3 Nxc5 34. Qb4 Qd6
35. Qc4 Nfd7 36. Qb4 Qd3 37. Nc1 Qc2 38. Ne2 Nd3 39. Qd6 Nf6 40. Kh2 Ng4+ 41.
Bxg4 hxg4 42. Ng1 Qxf2+ 43. Kh1 Qxg3 0-1

[Event "World Rapid 2025"]
[Site "Doha QAT"]
[Date "2025.12.26"]
[Round "2.115"]
[White "Gokerkan, Cem Kaan"]
[Black "Al Mashikhi, Salim Aliyan"]
[Result "1-0"]
[WhiteTitle "GM"]
[BlackTitle "FM"]
[WhiteElo "2510"]
[BlackElo "1952"]
[WhiteFideId "6336760"]
[BlackFideId "22000046"]
[EventDate "2025.12.26"]
[EventType "rapid"]

1. e4 c5 2. c3 Nc6 3. d4 cxd4 4. cxd4 d6 5. Nc3 g6 6. Nf3 Bg7 7. h3 Nf6 8. Be2
O-O 9. O-O a6 10. Bf4 Bd7 11. e5 Nh5 12. Bh2 dxe5 13. dxe5 Bh6 14. Re1 Be6 15.
Qa4 Qa5 16. Qh4 Qb4 17. g4 Nd4 18. Nxd4 Qxd4 19. Rad1 Qb4 20. a3 Qxb2 21. Na4
Qxa3 22. gxh5 g5 23. Qe4 Rad8 24. Bd3 Rxd3 25. Rxd3 Qa2 26. Nc5 Bc4 27. Rg3 Bd5
28. Qe3 f5 29. exf6 Rxf6 30. h4 g4 31. Rxg4+ Kh8 32. Bf4 Qc4 33. Qxe7 1-0

[Event "World Rapid 2025"]
[Site "Doha QAT"]
[Date "2025.12.26"]
[Round "2.116"]
[White "Dahal, Sushrut"]
[Black "Raja, Rithvik R"]
[Result "0-1"]
[WhiteTitle "CM"]
[BlackTitle "GM"]
[WhiteElo "2037"]
[BlackElo "2541"]
[WhiteFideId "12303275"]
[BlackFideId "35007394"]
[EventDate "2025.12.26"]
[EventType "rapid"]

1. d4 Nf6 2. Nc3 d5 3. Bf4 c5 4. e3 a6 5. dxc5 Nc6 6. a3 e5 7. Bg5 Be6 8. b4 Be7
9. Nf3 h6 10. Bh4 O-O 11. Be2 Qc7 12. O-O Rad8 13. h3 d4 14. exd4 Nxd4 15. Bd3
b6 16. Bxf6 Bxf6 17. Ne4 Be7 18. Nxd4 Rxd4 19. cxb6 Qxb6 20. c3 Rdd8 21. Qe2 f5
22. Nd2 e4 23. Bc4 Kh8 24. Bxe6 Qxe6 25. Rfd1 Rd3 26. Nf1 Rxc3 27. Rdc1 Rd3 28.
Qa2 Qg6 29. Kh1 f4 30. Rd1 Rfd8 31. Rxd3 Rxd3 32. Rc1 Qf5 33. Qc4 Bd6 34. Re1
Rxh3+ 35. gxh3 Qxh3+ 36. Kg1 f3 0-1

[Event "World Rapid 2025"]
[Site "Doha QAT"]
[Date "2025.12.26"]
[Round "2.117"]
[White "Ashwath Kaushik"]
[Black "Sankalp, Gupta"]
[Result "0-1"]
[WhiteTitle "FM"]
[BlackTitle "GM"]
[WhiteElo "2345"]
[BlackElo "2557"]
[WhiteFideId "33387230"]
[BlackFideId "5097010"]
[EventDate "2025.12.26"]
[EventType "rapid"]

1. d4 Nf6 2. Nf3 d5 3. c4 e6 4. e3 b6 5. b3 Bb7 6. Bd3 Bd6 7. cxd5 exd5 8. Ba3
c5 9. O-O Nbd7 10. Qe2 O-O 11. Nc3 Re8 12. Bb2 a6 13. Rfd1 Nf8 14. Bf5 Ng6 15.
g3 c4 16. bxc4 dxc4 17. e4 b5 18. e5 b4 19. Na4 Qa5 20. Nc5 Bxc5 21. dxc5 c3 22.
Bc1 Qxc5 23. Be3 Bxf3 24. Qxf3 Qxe5 25. Rd4 a5 26. Rad1 Qb5 27. Bg5 Ne5 28. Qg2
Qe2 29. Bxf6 Nf3+ 30. Kh1 Nxd4 31. Rxd4 Qe1+ 32. Qg1 gxf6 33. Rg4+ Kf8 34. Bxh7
Qxg1+ 35. Kxg1 Re1+ 36. Kg2 Ke7 37. h4 Rc8 38. h5 c2 39. Bxc2 Rxc2 40. Rg8 Ree2 0-1

[Event "World Rapid 2025"]
[Site "Doha QAT"]
[Date "2025.12.26"]
[Round "2.118"]
[White "Haug, Havard"]
[Black "Blackwood, Ryan"]
[Result "1-0"]
[WhiteTitle "FM"]
[WhiteElo "2416"]
[BlackElo "1945"]
[WhiteFideId "1547887"]
[BlackFideId "7400640"]
[EventDate "2025.12.26"]
[EventType "rapid"]

1. d4 Nf6 2. Bg5 e6 3. e4 Be7 4. e5 Nd5 5. Bxe7 Qxe7 6. c3 c5 7. Nf3 Nc6 8. Bc4
Nb6 9. Bb3 c4 10. Bc2 Nd5 11. a4 b6 12. Nbd2 Na5 13. Ne4 O-O 14. Nd6 f5 15. Qd2
Ba6 16. h4 Nb7 17. Nb5 Bxb5 18. axb5 d6 19. b3 Qc7 20. O-O dxe5 21. Nxe5 Nd6 22.
Rfc1 cxb3 23. Bxb3 Ne4 24. Qe1 Qe7 25. f3 Nd6 26. Nc6 Qf7 27. Qe5 Ne8 28. Bxd5
exd5 29. Ne7+ Kh8 30. Nxd5 f4 31. Re1 Rd8 32. Qe7 Nd6 33. Qxf7 Rxf7 34. Rab1 h6
35. Nb4 Rc8 36. Nc6 Nxb5 37. Ne5 Rfc7 38. Rxb5 Rxc3 39. Ng6+ Kh7 40. Nxf4 R8c4
41. Re7 Rxd4 42. Rxg7+ Kxg7 43. Ne6+ Kg6 44. Nxd4 Rc4 45. Rd5 a5 46. Rd6+ Kh7
47. Nf5 b5 48. Rxh6+ Kg8 49. Ra6 a4 50. Nd6 Rb4 51. Nxb5 Rxb5 52. Rxa4 Kg7 53.
g4 Rb2 54. Ra1 Kf6 55. Rf1 Ke5 56. Rf2 Rb1+ 57. Kg2 Kf4 58. Re2 Rb4 59. h5 Kg5
60. Kg3 Rb1 61. Re5+ Kh6 62. Kf4 Rb4+ 63. Kf5 Rb3 64. f4 Rb4 65. Re6+ Kh7 66.
Kg5 Rb5+ 67. f5 Rb4 68. Re7+ Kg8 69. h6 Kh8 70. Kh5 Rb1 71. g5 Rb6 72. Re8+ 1-0

[Event "World Rapid 2025"]
[Site "Doha QAT"]
[Date "2025.12.26"]
[Round "2.119"]
[White "Rami, Talab"]
[Black "Davtyan, Artur"]
[Result "1/2-1/2"]
[BlackTitle "IM"]
[WhiteElo "2173"]
[BlackElo "2474"]
[WhiteFideId "7609787"]
[BlackFideId "13308327"]
[EventDate "2025.12.26"]
[EventType "rapid"]

1. d4 Nf6 2. Nf3 e6 3. g3 b5 4. Bg2 Bb7 5. O-O Be7 6. Bg5 O-O 7. Qd3 a6 8. Bxf6
Bxf6 9. Ng5 Bxg5 10. Bxb7 Ra7 11. Bg2 Bf6 12. c3 Nc6 13. Bxc6 dxc6 14. Qf3 Qd5
15. Nd2 a5 16. e4 Qd7 17. e5 Be7 18. Ne4 Rb8 19. a3 Rab7 20. Qg4 Kh8 21. Rfd1
Qd5 22. Qf4 Kg8 23. Qg4 h5 24. Qe2 Rd8 25. h4 Rbb8 26. Re1 g6 27. Qe3 Kg7 28.
Qf4 b4 29. axb4 axb4 30. Re3 bxc3 31. bxc3 c5 32. Rf3 Rf8 33. Ra7 Rb1+ 34. Kh2
Qc6 35. Nf6 cxd4 36. cxd4 Rd1 37. Qe3 Qb6 38. d5 Qb5 39. Rf4 Bc5 40. Qf3 Rd3 41.
Nxh5+ Kh6 42. Qg4 Bxa7 43. Qg5+ Kh7 44. Nf6+ Kg7 45. Nh5+ Kh7 46. Nf6+ Kg7 1/2-1/2

[Event "World Rapid 2025"]
[Site "Doha QAT"]
[Date "2025.12.26"]
[Round "2.120"]
[White "Alkhuriji, Abdulaziz N"]
[Black "Klukin, Kirill"]
[Result "0-1"]
[BlackTitle "IM"]
[WhiteElo "1972"]
[BlackElo "2414"]
[WhiteFideId "21525919"]
[BlackFideId "24199273"]
[EventDate "2025.12.26"]
[EventType "rapid"]

1. e4 c5 2. Nf3 g6 3. d4 cxd4 4. Nxd4 Bg7 5. c4 Nc6 6. Be3 Nf6 7. Nc3 O-O 8. Be2
d6 9. O-O Bd7 10. Rc1 Nxd4 11. Bxd4 Bc6 12. f3 a5 13. b3 Nd7 14. Be3 Nc5 15. Qd2
e6 16. Rfd1 Be5 17. f4 Bxc3 18. Qxc3 Nxe4 19. Qd4 Qe7 20. Bf3 e5 21. fxe5 dxe5
22. Qb2 f5 23. Bxe4 Bxe4 24. Qf2 Rfd8 25. Bb6 Rd7 26. Rd2 Rxd2 27. Qxd2 Qb4 28.
Qf2 Qd6 29. c5 Qd5 30. Qe1 Qd4+ 31. Kh1 Qb2 32. Qg1 Bxg2+ 0-1

[Event "World Rapid 2025"]
[Site "Doha QAT"]
[Date "2025.12.26"]
[Round "2.121"]
[White "Khubukshanov, Erdem"]
[Black "Khayat, Emad"]
[Result "1-0"]
[WhiteTitle "IM"]
[WhiteElo "2502"]
[BlackElo "1927"]
[WhiteFideId "54114527"]
[BlackFideId "21518076"]
[EventDate "2025.12.26"]
[EventType "rapid"]

1. e4 e5 2. Nf3 Nc6 3. Bc4 Bc5 4. d3 Nf6 5. O-O O-O 6. Re1 d6 7. c3 h6 8. h3 a6
9. a4 Re8 10. Nbd2 Be6 11. Bxe6 Rxe6 12. b4 Ba7 13. Qc2 d5 14. Nb3 dxe4 15. dxe4
Qd7 16. b5 Ne7 17. c4 Rd8 18. Be3 Bxe3 19. Rxe3 b6 20. g3 c5 21. Qc3 Qc7 22. a5
axb5 23. cxb5 Rd4 24. Nfxd4 exd4 25. Nxd4 Rxe4 26. Rxe4 Nxe4 27. Qd3 bxa5 28.
Qxe4 cxd4 29. b6 Qd8 30. Rxa5 f5 31. Qa8 1-0

[Event "World Rapid 2025"]
[Site "Doha QAT"]
[Date "2025.12.26"]
[Round "2.122"]
[White "Gharibyan, Mamikon"]
[Black "Alsaqer, Meshal"]
[Result "1-0"]
[WhiteTitle "GM"]
[WhiteElo "2491"]
[BlackElo "1853"]
[WhiteFideId "13308300"]
[BlackFideId "10301771"]
[EventDate "2025.12.26"]
[EventType "rapid"]

1. d4 d5 2. c4 e6 3. Nc3 Nf6 4. cxd5 exd5 5. Bg5 Be7 6. e3 c6 7. Bd3 Bg4 8. Qc2
Nbd7 9. Nge2 Bh5 10. h4 Bg6 11. Ng3 Bxd3 12. Qxd3 Nf8 13. Nf5 Ne6 14. O-O-O h6
15. Bf4 Nxf4 16. exf4 g6 17. Nxe7 Kxe7 18. f5 Rg8 19. Qe3+ Kd7 20. Qxh6 Qc7 21.
Rde1 Qb6 22. fxg6 Rxg6 23. Qf4 c5 24. Nxd5 1-0

[Event "World Rapid 2025"]
[Site "Doha QAT"]
[Date "2025.12.26"]
[Round "2.123"]
[White "Al-Kuwari, Hamad"]
[Black "Siddharth, Jagadeesh"]
[Result "0-1"]
[WhiteTitle "CM"]
[BlackTitle "GM"]
[WhiteElo "1809"]
[BlackElo "2489"]
[WhiteFideId "12102679"]
[BlackFideId "5818320"]
[EventDate "2025.12.26"]
[EventType "rapid"]

1. e4 d6 2. d4 Nf6 3. Nc3 e5 4. Nf3 Nbd7 5. h3 c6 6. Be3 Be7 7. Qd2 b5 8. a3 O-O
9. g4 Qa5 10. Bd3 Bb7 11. g5 Nh5 12. Nh4 Rfe8 13. Nf5 Bf8 14. O-O-O exd4 15.
Bxd4 c5 16. Be3 b4 17. Nb1 Ne5 18. Be2 Bxe4 19. Nxd6 Bxd6 20. Qxd6 Bxh1 21. Rxh1
Rad8 22. Qxc5 Qxc5 23. Bxc5 Nf4 24. Bb5 Re6 25. Nd2 a6 26. Ba4 Ne2+ 27. Kd1 Nc4
28. Be3 Rxe3 29. fxe3 Rxd2+ 30. Ke1 bxa3 31. bxa3 Nc3 32. Bb3 Re2+ 33. Kf1 Nxe3+ 0-1

[Event "World Rapid 2025"]
[Site "Doha QAT"]
[Date "2025.12.26"]
[Round "3.2"]
[White "Theodorou, Nikolas"]
[Black "Nepomniachtchi, Ian"]
[Result "1/2-1/2"]
[WhiteTitle "GM"]
[BlackTitle "GM"]
[WhiteElo "2652"]
[BlackElo "2723"]
[WhiteFideId "4262875"]
[BlackFideId "4168119"]
[EventDate "2025.12.26"]
[EventType "rapid"]

1. Nf3 d5 2. g3 b6 3. Bg2 Bb7 4. c4 dxc4 5. Na3 e6 6. Nxc4 Nd7 7. O-O Be7 8. b3
Ngf6 9. Bb2 O-O 10. Rc1 c5 11. d4 Rc8 12. dxc5 Nxc5 13. Qxd8 Rfxd8 14. Nd4 Bxg2
15. Kxg2 Nd5 16. Ne5 Bf6 17. Ndc6 Bxe5 18. Nxe5 f6 19. Nf3 Nb4 20. Ba3 Nca6 21.
Rfd1 Nxa2 22. Rxd8+ Rxd8 23. Ra1 N6b4 24. Bxb4 Nxb4 25. Rxa7 e5 26. Rb7 Rd6 27.
Rb8+ Kf7 28. Rb7+ Kg8 29. Rb8+ Kf7 30. Rb7+ 1/2-1/2

[Event "World Rapid 2025"]
[Site "Doha QAT"]
[Date "2025.12.26"]
[Round "3.3"]
[White "Pichot, Alan"]
[Black "Vachier-Lagrave, Maxime"]
[Result "1/2-1/2"]
[WhiteTitle "GM"]
[BlackTitle "GM"]
[WhiteElo "2597"]
[BlackElo "2734"]
[WhiteFideId "110973"]
[BlackFideId "623539"]
[EventDate "2025.12.26"]
[EventType "rapid"]

1. e4 c5 2. Nf3 d6 3. c3 Nf6 4. Be2 g6 5. O-O Bg7 6. Bb5+ Nc6 7. d4 O-O 8. d5
Na5 9. Re1 a6 10. Bf1 b5 11. Bf4 Nh5 12. Be3 e5 13. dxe6 Bxe6 14. Nbd2 Nc6 15.
Qc2 Qc7 16. a4 Rab8 17. axb5 axb5 18. Ra6 Rfe8 19. h3 Bc8 20. Raa1 Nf6 21. Bf4
Nd7 22. Rad1 Nde5 23. Nxe5 dxe5 24. Be3 Nd8 25. Nf3 Ne6 26. Rd2 Bd7 27. Ng5 Nxg5
28. Bxg5 Be6 29. Red1 c4 30. Rd6 Bf8 31. Ra6 Ra8 32. Rda1 Qb7 33. Rxa8 Rxa8 34.
Rxa8 Qxa8 35. Bf6 Bg7 36. Bxg7 Kxg7 37. f3 h5 38. Qf2 Qa1 39. Qd2 h4 40. Kf2
Qa7+ 41. Qe3 Qa1 42. Qd2 f6 43. Be2 g5 44. Bf1 Kf7 45. Be2 Ke7 46. Bf1 Qa7+ 47.
Qe3 Qxe3+ 48. Kxe3 f5 49. Be2 Kf6 50. Bd1 Bd7 51. Be2 f4+ 1/2-1/2

[Event "World Rapid 2025"]
[Site "Doha QAT"]
[Date "2025.12.26"]
[Round "3.6"]
[White "Hovhannisyan, Robert"]
[Black "Sindarov, Javokhir"]
[Result "1/2-1/2"]
[WhiteTitle "GM"]
[BlackTitle "GM"]
[WhiteElo "2621"]
[BlackElo "2726"]
[WhiteFideId "13302507"]
[BlackFideId "14205483"]
[EventDate "2025.12.26"]
[EventType "rapid"]

1. e4 e5 2. Nf3 Nc6 3. Nc3 Nf6 4. Bb5 Bb4 5. O-O O-O 6. Bxc6 dxc6 7. Nxe5 Re8 8.
Nd3 Bxc3 9. dxc3 Nxe4 10. Bf4 Bf5 11. Re1 Nd6 12. Qf3 Qf6 13. Bxd6 cxd6 14. g4
Bxd3 15. Qxf6 gxf6 16. cxd3 Kg7 17. Kg2 Kg6 18. Re3 Re6 19. Rae1 Rae8 20. b4 f5
21. h3 fxg4 22. hxg4 Rxe3 23. fxe3 a5 24. bxa5 Re5 25. Rb1 Rxe3 26. Rxb7 Rxd3
27. Rd7 f6 28. a6 Rd2+ 29. Kf3 Rxa2 30. a7 d5 31. Ke3 Ra4 32. Rc7 h6 33. Kf3 Ra6
34. Ke3 Ra4 35. Kf3 Ra3 36. Kf4 Ra5 37. Ke3 Ra4 38. Kf3 Kg5 39. Rg7+ Kh4 40. Rh7
Kg5 41. Rg7+ 1/2-1/2

[Event "World Rapid 2025"]
[Site "Doha QAT"]
[Date "2025.12.26"]
[Round "3.7"]
[White "Yu, Yangyi"]
[Black "Kadric, Denis"]
[Result "1-0"]
[WhiteTitle "GM"]
[BlackTitle "GM"]
[WhiteElo "2717"]
[BlackElo "2543"]
[WhiteFideId "8603820"]
[BlackFideId "14403803"]
[EventDate "2025.12.26"]
[EventType "rapid"]

1. d4 d6 2. Nf3 Nf6 3. c4 g6 4. Nc3 Bf5 5. Qb3 b6 6. g3 Bg7 7. Bg2 Nc6 8. Qd1
O-O 9. d5 Na5 10. Nd4 Bd7 11. b3 Rc8 12. O-O c5 13. dxc6 Nxc6 14. Bb2 a6 15. Nc2
Qc7 16. Rc1 Qb8 17. Nd5 Nxd5 18. Bxg7 Ne3 19. Nxe3 Kxg7 20. Qd2 f6 21. Nd5 Be6
22. Qe3 Bxd5 23. cxd5 Ne5 24. f4 Nf7 25. Rc6 Rxc6 26. dxc6 Qc7 27. Rc1 Re8 28.
Qe6 b5 29. Bd5 Rf8 30. Qd7 Rc8 31. Kg2 Nd8 32. Qg4 f5 33. Qf3 e6 34. Qc3+ Kg8
35. Bf3 d5 36. Qf6 Qd6 37. h4 Rxc6 38. Rxc6 Nxc6 39. h5 gxh5 40. Qg5+ Kf8 41.
Qf6+ Kg8 42. Bxh5 Qe7 43. Qc3 Qd6 44. Qf6 Qe7 45. Qc3 Qd6 46. Be8 Ne7 47. Qf6
Nc6 48. Bf7+ 1-0

[Event "World Rapid 2025"]
[Site "Doha QAT"]
[Date "2025.12.26"]
[Round "3.8"]
[White "Adhiban, Baskaran"]
[Black "Grischuk, Alexander"]
[Result "0-1"]
[WhiteTitle "GM"]
[BlackTitle "GM"]
[WhiteElo "2557"]
[BlackElo "2654"]
[WhiteFideId "5018471"]
[BlackFideId "4126025"]
[EventDate "2025.12.26"]
[EventType "rapid"]

1. d4 Nf6 2. Nf3 g6 3. c4 Bg7 4. g3 c5 5. d5 b5 6. cxb5 Qa5+ 7. Nc3 Ne4 8. Bd2
Nxd2 9. Nxd2 a6 10. Bg2 d6 11. O-O axb5 12. a4 Bxc3 13. bxc3 bxa4 14. Nc4 Qb5
15. Qd3 Ba6 16. Nxd6+ exd6 17. Qe3+ Kd8 18. Rfb1 Qd7 19. Rb6 Kc7 20. Rb2 Re8 21.
Qf4 Rxe2 22. Rxe2 Bxe2 23. Qd2 Qb5 24. h4 a3 25. Qf4 f5 26. Qg5 Nd7 0-1

[Event "World Rapid 2025"]
[Site "Doha QAT"]
[Date "2025.12.26"]
[Round "3.9"]
[White "Santos Latasa, Jaime"]
[Black "Hakobyan, Aram"]
[Result "0-1"]
[WhiteTitle "GM"]
[BlackTitle "GM"]
[WhiteElo "2616"]
[BlackElo "2613"]
[WhiteFideId "2293307"]
[BlackFideId "13306677"]
[EventDate "2025.12.26"]
[EventType "rapid"]

1. e4 e5 2. Nf3 Nc6 3. Bc4 Bc5 4. O-O d6 5. c3 Bb6 6. d3 h6 7. b4 Nge7 8. a4 a6
9. Be3 O-O 10. Nbd2 Kh8 11. Bxb6 cxb6 12. d4 Bg4 13. d5 Nb8 14. Be2 Nd7 15. Rc1
Rc8 16. h3 Bh5 17. g4 Bg6 18. Nh4 Nf6 19. f3 Bh7 20. Ng2 Ng6 21. Nc4 Qc7 22. Qd2
Nd7 23. Qe3 Ra8 24. a5 b5 25. Nd2 Qd8 26. c4 bxc4 27. Rxc4 Rc8 28. Rfc1 Rxc4 29.
Nxc4 Qf6 30. Nd2 Nf4 31. Kh2 h5 32. Rc7 Rd8 33. Rxb7 hxg4 34. fxg4 Qh6 35. h4
Nf6 36. g5 Nxg2 37. Qg3 Nxe4 38. Nxe4 Qxh4+ 39. Qxh4 Nxh4 40. Ng3 f5 41. gxf6
gxf6 42. b5 axb5 43. a6 Bg8 44. a7 Ra8 45. Nh5 Bxd5 46. Rc7 Rf8 47. Rd7 Nf3+ 48.
Kg3 Nd4 49. Bd1 Bc6 50. Rc7 f5 51. Kh4 f4 52. Kg5 Ne6+ 0-1

[Event "World Rapid 2025"]
[Site "Doha QAT"]
[Date "2025.12.26"]
[Round "3.10"]
[White "Movahed, Sina"]
[Black "Nihal, Sarin"]
[Result "1-0"]
[WhiteTitle "GM"]
[BlackTitle "GM"]
[WhiteElo "2596"]
[BlackElo "2701"]
[WhiteFideId "42520835"]
[BlackFideId "25092340"]
[EventDate "2025.12.26"]
[EventType "rapid"]

1. e4 e5 2. Nf3 Nc6 3. Bb5 Nf6 4. O-O Nxe4 5. Re1 Nd6 6. a4 Be7 7. Nc3 a6 8. Bf1
Nf5 9. d4 e4 10. Nxe4 d5 11. Nc5 O-O 12. c3 Bd6 13. Bg5 f6 14. Bd2 g5 15. h3 Ng7
16. a5 Kh8 17. g3 Ne7 18. Bg2 b6 19. axb6 cxb6 20. Nd3 Bf5 21. Nb4 a5 22. Nc2
Qd7 23. h4 h6 24. Ne3 Be4 25. c4 Rae8 26. hxg5 hxg5 27. cxd5 Nxd5 28. Nc4 Bg6
29. Rxe8 Bxe8 30. Qb3 a4 31. Qc2 Bb8 32. b3 b5 33. Na5 Bd6 34. bxa4 bxa4 35. Nc4
Be7 36. Nb2 a3 37. Nc4 Qf5 38. Qxf5 Nxf5 39. Nxa3 Bf7 40. Nc4 Rc8 41. Bh3 Rxc4
42. Bxf5 Rc7 43. Ne1 Kg7 44. Nc2 Bg6 45. Bxg6 Kxg6 46. Ne3 Rd7 47. Nxd5 Rxd5 48.
Bc3 f5 49. Kf1 Bf6 50. Ra4 f4 51. gxf4 gxf4 52. Ke2 Kf5 53. f3 Ke6 54. Kd3 Kf5
55. Kc4 Rd8 56. Ra5+ Kg6 57. Kd3 Re8 58. Bd2 Rd8 59. d5 Kf5 60. d6+ Be5 61. Bb4
Rd7 62. Rd5 Rd8 63. Bc5 Ke6 64. Ke4 Bf6 65. Bd4 Bh4 66. Rh5 Bg3 67. Rh6+ Kf7 68.
Kf5 Rd7 69. Be5 Be1 70. Bxf4 Bb4 71. Be5 Ba3 72. f4 Bb4 73. Rg6 Ba3 74. Rg7+ Ke8
75. Ke6 1-0

[Event "World Rapid 2025"]
[Site "Doha QAT"]
[Date "2025.12.26"]
[Round "3.11"]
[White "Goutham Krishna H"]
[Black "Radjabov, Teimour"]
[Result "1-0"]
[WhiteTitle "IM"]
[BlackTitle "GM"]
[WhiteElo "2433"]
[BlackElo "2692"]
[WhiteFideId "25983504"]
[BlackFideId "13400924"]
[EventDate "2025.12.26"]
[EventType "rapid"]

1. b3 b6 2. Bb2 Bb7 3. Nf3 Nf6 4. c4 e6 5. g3 d5 6. Bg2 dxc4 7. bxc4 c5 8. O-O
Be7 9. a4 Nc6 10. Ne5 Qc8 11. Bxc6+ Bxc6 12. Nxc6 Qxc6 13. d3 O-O 14. Nd2 a6 15.
Qc2 Nd7 16. Rfb1 Rab8 17. Nf3 Rb7 18. Ra2 b5 19. cxb5 axb5 20. axb5 Rxb5 21. Ra7
Rc8 22. Bc3 Bf8 23. Rxb5 Qxb5 24. Qb2 Qxb2 25. Bxb2 Rd8 26. Bc3 Nb8 27. Ng5 Rd7
28. Ra8 Rd8 29. Ba5 Rc8 30. Bb6 h6 31. Ne4 f5 32. Nd2 Kf7 33. Nc4 1-0

[Event "World Rapid 2025"]
[Site "Doha QAT"]
[Date "2025.12.26"]
[Round "3.12"]
[White "Robson, Ray"]
[Black "Makarian, Rudik"]
[Result "1/2-1/2"]
[WhiteTitle "GM"]
[BlackTitle "GM"]
[WhiteElo "2650"]
[BlackElo "2524"]
[WhiteFideId "2023970"]
[BlackFideId "44105681"]
[EventDate "2025.12.26"]
[EventType "rapid"]

1. d4 Nf6 2. c4 e6 3. Nc3 d5 4. Nf3 h6 5. g3 Be7 6. Bg2 O-O 7. O-O dxc4 8. Ne5
Nc6 9. Bxc6 bxc6 10. Nxc6 Qe8 11. Nxe7+ Qxe7 12. Qa4 a5 13. Qxc4 Ba6 14. Qc5
Qxc5 15. dxc5 Nd5 1/2-1/2

[Event "World Rapid 2025"]
[Site "Doha QAT"]
[Date "2025.12.26"]
[Round "3.14"]
[White "Sargsyan, Shant"]
[Black "Krallis, Christos"]
[Result "1-0"]
[WhiteTitle "GM"]
[BlackTitle "IM"]
[WhiteElo "2665"]
[BlackElo "2416"]
[WhiteFideId "13306766"]
[BlackFideId "4298896"]
[EventDate "2025.12.26"]
[EventType "rapid"]

1. e4 e5 2. Nf3 Nc6 3. Bb5 a6 4. Ba4 Nf6 5. O-O d6 6. Re1 Bd7 7. c3 g6 8. d4 Bg7
9. h3 O-O 10. Bc2 Nh5 11. Bg5 Qe8 12. Na3 Kh8 13. Qd2 f6 14. Be3 g5 15. dxe5
fxe5 16. Nh2 Nf4 17. Bd1 Qg6 18. Bf3 Rf6 19. Bg4 Qf7 20. Qd1 Rf8 21. Qb3 Qe8 22.
Qxb7 h5 23. Bxd7 Qxd7 24. Qxa6 g4 25. h4 d5 26. Qa4 Nd3 27. exd5 Qxd5 28. Qc4
Qxc4 29. Nxc4 Nxe1 30. Rxe1 Ra8 31. a3 e4 32. Nf1 Re6 33. Bf4 Ne7 34. Ng3 Nd5
35. Bg5 Ra4 36. Ne3 Nxe3 37. Rxe3 Bf8 38. Nxh5 Bc5 39. Re2 e3 40. fxe3 Bd6 41.
Kf2 Ra5 42. Nf4 Re4 43. g3 Kg7 44. Rd2 Re8 45. Ne2 Rf5+ 46. Bf4 Rf7 47. a4 Ra8
48. b3 Ra5 49. Nd4 Kg6 50. Nb5 Ra6 51. Nxd6 cxd6 52. Rd5 Rb7 53. h5+ Kf6 54. b4
Rxa4 55. e4 Ra6 56. Ke3 Ke6 57. h6 Rc6 58. Kd3 Ra7 59. b5 Rc8 60. Rxd6+ Ke7 61.
h7 Rh8 62. Rh6 Kd8 63. b6 Rd7+ 64. Kc4 Rhxh7 65. Rxh7 Rxh7 66. Kd5 Rf7 67. Bd6
Kc8 68. c4 Rf1 69. Kc6 Rb1 70. e5 Rb2 71. e6 1-0